لغة HTML الديناميكية / (رقم التسجيلة. 85544)

تفاصيل مارك
000 -الفاتح
عناصر البيانات ثابتة الطول 00761cam a2200217 i 4500
005 - تاريخ ووقت آخر معاملة
حقل ضبط 20251108172654.0
008 - عناصر البيانات ثابتة الطول
عناصر البيانات ثابتة الطول 250721s2001 sy a gr 000 0 ara d
082 14 - رقم تصنيف ديوي العشري
رقم التصنيف 004.62 /
رقم المادة أ س ع
100 1# - مدخل رئيسي – اسم شخصي
الاسم الشخصي أسعد، حسام
علاقة الشخص بالعمل/ دوره مؤلف.
245 10 - بيان العنوان
العنوان لغة HTML الديناميكية /
بيان المسؤولية اعداد م. حسام أسعد، د.عمار خير بك.
246 10 - الأشكال المختلفة للعنوان
العنوان الفعلي/العنوان المختصر DHTML.
250 ## - بيان الطبعة
بيان الطبعة الطبعة الأولى.
264 1# - بيانات النشر، التوزيع…إلخ
مكان النشر، التوزيع...إلخ دمشق :
اسم الناشر، الموزع...إلخ دار الرضا،
تاريخ النشر، التوزيع...إلخ 2001.
300 ## - الوصف المادي
عدد الوحدات المكونة للوعاء 382 صفحة.
490 0# - بيان السلسلة
عنوان السلسلة سلسلة الرضا للمعلومات ؛
رقم الوعاء في السلسلة رقم 117.
650 17 - مدخل إضافي بالموضوع - مصطلح موضوعي
مصطلح موضوعي أو اسم جغرافي كعنصر مدخل الحواسيب.
650 17 - مدخل إضافي بالموضوع - مصطلح موضوعي
مصطلح موضوعي أو اسم جغرافي كعنصر مدخل شبكات الحواسيب.
830 #0 - مدخل إضافي بالسلسلة-عنوان مقنن
عنوان السلسسلة سلسلة الرضا للمعلومات.
942 ## - بيانات إضافية (كوها)
نوع التنصيف Dewey Decimal Classification
نوع المادة (كوها) كتب
المقتنيات
حالة السحب حالة الفقدان مصدر التصنيف حالة التلف غير قابل للإعارة المكتبة الرئيسية المكتبة الحالية موقع الرف تاريخ التزويد الرقم المتسلسل Total Checkouts رقم الإستدعاء الباركود تاريخ آخر ظهور تاريخ الفاتورة نوع المادة (كوها)
    Dewey Decimal Classification     المكتبة المركزية المكتبة المركزية الإعارة 23/10/2016 1627639   004.62 / أ س ع PLD00396832 28/07/2025 23/10/2016 كتب
Implemented & Customized by: BBB with SCIT (Smart Chains for Information Technology)

Powered by Koha